| 000 | 01240nam a22002897a 4500 | ||
|---|---|---|---|
| 001 | 22149 | ||
| 005 | 20260331151724.0 | ||
| 008 | 260330b |||||||| |||| 00| 0 spa d | ||
| 020 | _a9788418709876 | ||
| 041 | _aESP | ||
| 082 |
_a658.8 _bK468M |
||
| 100 |
_aKotler, Philip _eAUT |
||
| 245 |
_aMarketing 5.0 : _btecnología para la humanidad |
||
| 250 | _aSegunda edición | ||
| 260 |
_aMadrid : _bLID Editorial, _c2023 |
||
| 300 |
_a214 páginas : _bfiguras ; _c22 cm. |
||
| 440 | _a ; | ||
| 650 | _aTCA | ||
| 653 | _aAdministración; Gerencia de mercadeo; Marketing | ||
| 654 | _aCAN | ||
| 700 |
_aKartajaya, Hermawan, _eAUT |
||
| 700 |
_aSetiawan, Iwan, _eAUT |
||
| 856 |
_uhttps://0u213utzc-y-https-ebooks7--24-com.itmsp.museknowledge.com/visorEpub.aspx?i=6261&t=AC9C4D3C-795D-4B24-9E08-B4C5B938F7C1 _zVéase además: Marketing, por Kerin, Roger A. y Hartley, Steven W. Versión digital |
||
| 856 |
_uhttps://0u213utzc-y-https-ebooks7--24-com.itmsp.museknowledge.com/biblioteca.aspx _zVéase además: Base de datos Ebook7-24 |
||
| 856 |
_uhttps://0u21duu1h-y-https-ebooks-editorialmacro-com.itmsp.museknowledge.com/library/search/marketing%205.0 _zVéase además: Base de datos Macro Digital |
||
| 942 |
_cLIB _dJUS _fJUS _n0 _2ddc |
||
| 999 |
_c22149 _d22149 |
||